NHL Greatest "Original Six" Players - Statistics

General Stats
  • This quiz has been taken 55 times
  • The average score is 11 of 30
Answer Stats
# Team Career Player % Correct
Forwards 1 Red Wings 1947-1980 Gordie Howe
93%
Forwards 9 Canadiens 1956-1975 Henri Richard
78%
Forwards 3 Canadiens 1943-1960 Maurice Richard
78%
Forwards 2 Canadiens 1951-1971 Jean Béliveau
67%
Forwards 6 Black Hawks 1959-1980 Stan Mikita
67%
Forwards 4 Black Hawks 1958-1980 Bobby Hull
65%
Goalies 2 Canadiens 1953-1975 Jacques Plante
61%
Goalies 3 Red Wings 1950-1970 Terry Sawchuk
54%
Forwards 11 Red Wings 1951-1974 Alex Delvecchio
43%
Forwards 8 Red Wings 1945-1965 Ted Lindsay
39%
Forwards 7 Maple Leafs 1957-1978 Frank Mahovlich
37%
Goalies 4 Black Hawks 1953-1971 Glenn Hall
37%
Forwards 5 Canadiens 1951-1968 Bernie Geoffrion
33%
Defensemen 2 Canadiens 1948-1969 Doug Harvey
33%
Defensemen 1 Red Wings 1948-1967 Red Kelly
33%
Defensemen 4 Maple Leafs 1950-1974 Tim Horton
33%
Forwards 15 Canadiens 1941-1954 Elmer Lach
28%
Forwards 13 Rangers 1953-1971 Andy Bathgate
24%
Defensemen 3 Black Hawks 1956-1969 Pierre Pilote
24%
Forwards 14 Maple Leafs 1943-1957 Ted Kennedy
24%
Forwards 10 Canadiens 1952-1968 Dickie Moore
22%
Goalies 1 Canadiens 1944-1950 Bill Durnan
20%
Goalies 5 Rangers 1953-1974 Gump Worsley
20%
Forwards 12 Red Wings 1956-1975 Norm Ullman
15%
Defensemen 9 Canadiens 1948-1965 Tom Johnson
15%
Defensemen 5 Canadiens 1960-1972 J.C. Tremblay
11%
Defensemen 7 Canadiens 1963-1974 Jacques Laperrière
9%
Defensemen 8 Maple Leafs 1949-1969 Allan Stanley
7%
Defensemen 10 Canadiens 1955-1971 Jean-Guy Talbot
7%
Defensemen 6 Red Wings 1951-1970 Marcel Pronovost
7%
No matching quizzes found
Score Distribution
Percent of People with Each Score
Percentile by Number Answered
Your Score History
You have not taken this quiz